طبيب أمراض نحوية : (رقم التسجيلة. 147386)

تفاصيل مارك
000 -الفاتح
عناصر البيانات ثابتة الطول 01024nam a22002657a 4500
005 - تاريخ ووقت آخر معاملة
حقل ضبط 20251108180011.0
008 - عناصر البيانات ثابتة الطول
عناصر البيانات ثابتة الطول 250721s2024 ua cr 000 0 ara d
020 ## - الترقيم الدولي المعياري للكتب (ردمك)
الترقيم الدولي المعياري للكتب (ردمك) 9789773567682
082 14 - رقم تصنيف ديوي العشري
رقم التصنيف 371.33
رقم المادة ق د ر
100 1# - مدخل رئيسي – اسم شخصي
الاسم الشخصي قدري، هاني
علاقة الشخص بالعمل/ دوره مؤلف.
245 10 - بيان العنوان
العنوان طبيب أمراض نحوية :
بقية العنوان مسرحية التنوين-ياء الملكية /
بيان المسؤولية تأليف هاني قدري ؛ رسوم محمد عطية.
260 1# - بيانات النشر، التوزيع…إلخ
مكان النشر، التوزيع...إلخ الجيزة :
اسم الناشر، الموزع...إلخ هلا للنشر و التوزيع،
تاريخ النشر، التوزيع...إلخ 2024.
264 31 - بيانات النشر، التوزيع…إلخ
مكان النشر، التوزيع...إلخ الجيزة :
اسم الناشر، الموزع...إلخ هلا للنشر والتوزيع،
300 ## - الوصف المادي
عدد الوحدات المكونة للوعاء 27 صفحة.
490 1# - بيان السلسلة
عنوان السلسلة مسرحيات نحوية.
650 17 - مدخل إضافي بالموضوع - مصطلح موضوعي
مصطلح موضوعي أو اسم جغرافي كعنصر مدخل طرق التدريس.
650 17 - مدخل إضافي بالموضوع - مصطلح موضوعي
مصطلح موضوعي أو اسم جغرافي كعنصر مدخل اساليب التعليم.
650 17 - مدخل إضافي بالموضوع - مصطلح موضوعي
مصطلح موضوعي أو اسم جغرافي كعنصر مدخل المسرحيات.
650 17 - مدخل إضافي بالموضوع - مصطلح موضوعي
مصطلح موضوعي أو اسم جغرافي كعنصر مدخل قواعد اللغة.
653 ## - رأس موضوع – غير مقيد
المصطلح / رأس الموضوع غير المقيد اطفال مرحلة متوسطة(6-9)سنوات.
700 1# - مدخل إضافي - اسم شخصي
الاسم الشخصي عطية، محمد
علاقة الشخص بالعمل/ دوره رسام.
830 #0 - مدخل إضافي بالسلسلة-عنوان مقنن
عنوان السلسسلة مسرحيات نحوية.
942 ## - بيانات إضافية (كوها)
نوع التنصيف Dewey Decimal Classification
نوع المادة (كوها) كتب
المقتنيات
حالة السحب حالة الفقدان مصدر التصنيف حالة التلف غير قابل للإعارة المكتبة الرئيسية المكتبة الحالية موقع الرف تاريخ التزويد الرقم المتسلسل Total Checkouts رقم الإستدعاء الباركود تاريخ آخر ظهور تاريخ الفاتورة نوع المادة (كوها)
    Dewey Decimal Classification     المكتبة المركزية المكتبة المركزية الأطفال 28/07/2025 1794931   ط / 371.33 / ق د ر PLD00516649 28/07/2025 28/07/2025 كتب
    Dewey Decimal Classification     مكتبة قتيبة للأطفال مكتبة قتيبة للأطفال الأطفال 11/05/2025 1794935   ط / 371.33 / ق د ر PLD00516814 28/07/2025 11/05/2025 كتب
    Dewey Decimal Classification     مكتبة البراءة للأطفال مكتبة البراءة للأطفال الأطفال 11/05/2025 1794940   ط / 371.33 / ق د ر PLD00516819 28/07/2025 11/05/2025 كتب
    Dewey Decimal Classification     مكتبة الراية الهاشمية للأطفال مكتبة الراية الهاشمية للأطفال الأطفال 11/05/2025 1794933   ط / 371.33 / ق د ر PLD00516812 28/07/2025 11/05/2025 كتب
    Dewey Decimal Classification     مكتبة الياسمين للأطفال مكتبة الياسمين للأطفال الأطفال 11/05/2025 1794934   ط / 371.33 / ق د ر PLD00516813 28/07/2025 11/05/2025 كتب
    Dewey Decimal Classification     مكتبة بدر الجديدة للأطفال مكتبة بدر الجديدة للأطفال الأطفال 11/05/2025 1794938   ط / 371.33 / ق د ر PLD00516817 28/07/2025 11/05/2025 كتب
    Dewey Decimal Classification     مكتبة بدر للأطفال مكتبة بدر للأطفال الأطفال 11/05/2025 1794937   ط / 371.33 / ق د ر PLD00516816 28/07/2025 11/05/2025 كتب
    Dewey Decimal Classification     مكتبة عدن للأطفال مكتبة عدن للأطفال الأطفال 11/05/2025 1794936   ط / 371.33 / ق د ر PLD00516815 28/07/2025 11/05/2025 كتب
    Dewey Decimal Classification     مكتبة مؤتة مكتبة مؤتة الأطفال 11/05/2025 1794932   ط / 371.33 / ق د ر PLD00516811 28/07/2025 11/05/2025 كتب
    Dewey Decimal Classification     مكتبة مرج الحمام مكتبة مرج الحمام الأطفال 11/05/2025 1794939   ط / 371.33 / ق د ر PLD00516818 28/07/2025 11/05/2025 كتب
Implemented & Customized by: BBB with SCIT (Smart Chains for Information Technology)

Powered by Koha